Toutes les communes du canton de Challans (85) - Statistiques

Statistiques générales
  • Ce quiz a été pris 18 fois
  • Le résultat moyen est 6 sur 15
Réponses sur la Carte
Les réponses sont colorées sur une échelle allant du rouge au vert en fonction du pourcentage des utilisateurs qui les ont devinées à leur premier essai. Vous pouvez retrouver ces pourcentages ci-dessous.
 
Statistiques - réponses
Commune % Correct
Challans
100%
La Garnache
50%
Maché
50%
Saint-Christophe-du-Ligneron
50%
Sallertaine
50%
Apremont
33%
Bois-de-Céné
33%
Châteauneuf
33%
Froidfond
33%
La Chapelle-Palluau
33%
Palluau
33%
Saint-Paul-Mont-Penit
33%
Falleron
17%
Grand'Landes
17%
Saint-Étienne-du-Bois
17%
Aucun quiz correspondant
Distribution des résultats
% des personnes avec chaque résultat
Percentile par nombre de réponses
Votre historique - résultats
Vous n’avez pas pris ce quiz